000 00300nam a22001337a 4500
008 180202b xxu||||| |||| 00| 0 eng d
020 _a9780750675635
041 _aeng
080 _22nd
_a61
100 _a3
101 _aSHM
245 _aReview of sleep medicine
_cBarkoukis,T.J
942 _2udc
_cBK
999 _c41685
_d41685